000 00328nam a22001217a 4500
040 _c333
082 _a333 ROB 1988 C083
100 _aROBERT REPETTO
245 _aThe forest for the trees government policies and the misuse of forest resources
260 _aPhnom Penh
_bROB
_c1988
300 _a105p.
_bill.
_c29cm.
942 _cEK
999 _c11057
_d11057